Traducciones castellanas de Ausiáas March en la Edad de Oro / (Record no. 97636)

MARC details
000 -LEADER
campo de control de longitud fija 00871nam a2200229 i 4500
001 - NÚMERO DE CONTROL
campo de control 97636
003 - IDENTIFICADOR DE NÚMERO DE CONTROL
campo de control ES-MaACL
005 - FECHA Y HORA DE LA ÚLTIMA TRANSACCIÓN
campo de control 20250416222533.0
007 - CAMPO FIJO DE DESCRIPCIÓN FÍSICA--INFORMACIÓN GENERAL
campo de control de longitud fija t|
008 - DATOS DE LONGITUD FIJA--INFORMACIÓN GENERAL
campo de control de longitud fija 050715s1946 sp ||||1| spa d
100 1# - ENTRADA PRINCIPAL--NOMBRE DE PERSONA
Nombre de persona March, Ausiàs,
Fechas asociadas al nombre ca. 1397-1459
9 (RLIN) 149221
245 10 - MENCIÓN DEL TÍTULO
Título Traducciones castellanas de Ausiáas March en la Edad de Oro /
Mención de responsabilidad, etc. Martín de Riquer.
260 ## - PUBLICACIÓN, DISTRIBUCIÓN, ETC.
Lugar de publicación, distribución, etc. Barcelona :
Nombre del editor, distribuidor, etc. [s.n.],
Fecha de publicación, distribución, etc. 1946 (
Fabricante Horta)
300 ## - DESCRIPCIÓN FÍSICA
Extensión XLI, 442 p., 2 fasc. ;
Dimensiones 27 cm.
490 1# - MENCIÓN DE SERIE
Mención de serie Publicaciones sobre filología y literatura
500 ## - NOTA GENERAL
Materiales especificados Precede al tít: Instituto Español de Estudios Mediterráneos
700 1# - ENTRADA AGREGADA--NOMBRE PERSONAL
Nombre de persona Riquer, Martín de,
Fechas asociadas al nombre 1914-2013
9 (RLIN) 240061
710 2# - ENTRADA AGREGADA--NOMBRE DE ENTIDAD CORPORATIVA
Nombre de entidad corporativa o nombre de jurisdicción como elemento de entrada Instituto de Estudios Mediterraneos (Barcelona)
9 (RLIN) 151482
830 0# - PUNTO DE ACCESO ADICIONAL DE SERIE-TÍTULO UNIFORME
Título uniforme Publicaciones sobre filología y literatura
9 (RLIN) 232293
852 ## - LOCALIZACIÓN
Ubicación ES-MaACL
Número de control de estantería D-7078
Sublocalización o colección R.26468
Holdings
Estatus retirado Estado de pérdida Estado de daño No para préstamo Biblioteca de origen Biblioteca actual Ubicación en estantería Fecha de adquisición Fuente de adquisición Total de préstamos Signatura topográfica completa Código de barras Visto por última vez Precio de reemplazo Tipo de ítem Koha
        Biblioteca del Ateneo de Madrid Biblioteca del Ateneo de Madrid Sala Valle Inclán 17/01/2008     D-7078 901101924 23/02/2023 23/02/2023 Libro impreso